000 00218 a2200097 4500
001 28336
100 _aKolkowiez, etc
245 _aSoviet Union and Arms Control
260 _a
_bJohns Hopkins
_c
090 _c18945
_d18945
942 _aNUST-CAE
_cM
_c9941
999 _c263409
_d263409